Agaguk, syn eskymáckého náčelníka / Yves Thériault ; z franc. orig. Agaguk přel. Eva Janovcová
Nejúspěšnější dílo spisovatele Francouzské Kanady, který čerpal náměty ke svým románům z veřejné činnosti: býval odborníkem pro eskymácké a indiánské záležitosti. Příběh o eskymáckém lovci Agagukovi (1958) je kombinace románudobrodružného a románu mravů. Odehrává se v severním Labradoru uprostřed drsné nelítostné přírody, kde Agaguk prožívá svůj život lovce a dokáže zvítězit nad živly i živočišným v sobě.
Record details
- Physical Description: 254, [2] s. ; 8°
- Edition: 1. vyd.
- Publisher: Praha : Československý spisovatel, 1972
Content descriptions
| General Note: | Obálku s použitím dřevorytů kanadských Eskymáků navrhl Zdenek Seydl 50000 výt. Pozn. o autorovi Zdobený tit. list |
Search for related items by series
Available copies
- 1 of 1 copy available at Common Catalog SPOK.
Holds
- 0 current holds with 1 total copy.
Show All Copies
| Location | Call Number / Copy Notes | Barcode | Shelving Location | Status | Due Date |
|---|---|---|---|---|---|
| KDS Library | 810 ThY (84) | 204576801359 | Library | Available | - |
| LDR | 01658nam a22003611 4500 | ||
|---|---|---|---|
| 001 | 21021 | ||
| 003 | CZ-PrJAB | ||
| 005 | 20150713064521.0 | ||
| 008 | 970421s1972 xr cze | ||
| 015 | . | ‡acnb000155569 | |
| 020 | . | ‡q(Brož.) : ‡cKčs 15,00 | |
| 035 | . | ‡a(CZ PrNK)bk197204994 | |
| 035 | . | ‡a(OCoLC)15769347 | |
| 040 | . | ‡aABA001 ‡bcze ‡cPNA001 ‡dABA001 | |
| 041 | 1 | . | ‡acze ‡hfre |
| 080 | . | ‡a840(71)-311.3 ‡2undef | |
| 100 | 1 | . | ‡aThériault, Yves, ‡d1915-1983 ‡7ola200220021019 ‡4aut |
| 245 | 1 | 0. | ‡aAgaguk, syn eskymáckého náčelníka / ‡cYves Thériault ; z franc. orig. Agaguk přel. Eva Janovcová |
| 250 | . | ‡a1. vyd. | |
| 260 | . | ‡aPraha : ‡bČeskoslovenský spisovatel, ‡c1972 ‡f(ST 2) | |
| 300 | . | ‡a254, [2] s. ; ‡c8° | |
| 490 | 1 | . | ‡aSpirála |
| 500 | . | ‡aObálku s použitím dřevorytů kanadských Eskymáků navrhl Zdenek Seydl | |
| 500 | . | ‡a50000 výt. | |
| 500 | . | ‡aPozn. o autorovi | |
| 500 | . | ‡aZdobený tit. list | |
| 520 | . | ‡aNejúspěšnější dílo spisovatele Francouzské Kanady, který čerpal náměty ke svým románům z veřejné činnosti: býval odborníkem pro eskymácké a indiánské záležitosti. Příběh o eskymáckém lovci Agagukovi (1958) je kombinace románudobrodružného a románu mravů. Odehrává se v severním Labradoru uprostřed drsné nelítostné přírody, kde Agaguk prožívá svůj život lovce a dokáže zvítězit nad živly i živočišným v sobě. | |
| 700 | 1 | . | ‡aJanovcová, Eva, ‡d1926- ‡7jk01051095 ‡4trl |
| 830 | 0. | ‡aSpirála | |
| 910 | . | ‡aABE463 | |
| 964 | . | ‡aLabrador severní - romány | |
| 964 | . | ‡aThériault, Yves (* 1916 spisovatel kanad.) - život a dílo | |
| 964 | . | ‡aEskymáci - romány | |
| 998 | . | ‡a000155569 | |
| 901 | . | ‡a21021 ‡b ‡c21021 ‡tbiblio | |